000 00669nam a2200289Ia 4500
005 20260324144229.0
008 008 260324s9999 xx 000 0 eng d
020 _a9780429042720
037 _aEBOOK
040 _aCRL
040 _beng
040 _cCRL
041 _2eng
041 _aeng
084 _qCRL
100 _aGeorge Irvin
_91218558
245 0 _aCentral America
245 4 _bThe Future Of Economic Integration
260 _bTaylor and Francis
260 _c1989
365 _a
365 _b59.99
856 _uhttp://www.taylorfrancis.com/books/9780429042720
942 _cEBOOK
999 _c1824917
_d1824917